000 00497nam a2200145Ia 4500
005 20260304131807.0
022 _a0940- 9602
050 _aQL801. A56
245 _aAnnals of Anatomy = Anatomischer Anzeiger : Official Organ of the Anatomische Gesellschaft.
250 _aVol. 256
260 _aNew York
_bG. Fischer, Jena ; New York Urban & Fischer, Jena Elsevier, Munich
_c2024
300 _a428- 490 p. : ill. ; 28 cm.
650 _aAnatomy, Comparative--Periodicals Anatomy
942 _cSR
_2lcc
999 _c37350
_d37350